000 00903nam a2200241Ia 4500
999 _c56246
_d56246
003 GCL
005 20240530105446.0
008 140319s9999 xx 000 0 ara d
040 _aGCL /
_cGCL
082 0 4 _a232.64
_bا ت
100 1 _aعبدالوهاب عبداللطيف
245 1 0 _aتنزيه الشريعة المرفوعة عن الاحاديث الشنيعة الموضوعة /
_cعبدالوهاب عبداللطيف
260 _a[S.N] :
_bدار الكتب العلمية للنشر والتوزيع ،
_c1981
300 _aمتعدد
650 0 4 _aالحديث
650 0 4 _aالشريعة الاسلامية
650 0 4 _aالجرح والتعديل
650 0 4 _aالاسناد الصحيح
650 0 4 _aالحديث الموضوع
700 1 _aالكنانى, ابو الحسن على بن محمد
700 1 _aعبدالله محمد الصديق
942 _2ddc
_cBK